| 000 | 00399cam a2200157 a 4500 | ||
|---|---|---|---|
| 020 | _a039304002X | ||
| 040 | _cDLC | ||
| 082 | 0 | 0 | _a510 NOR 1997 A057 Or. |
| 100 | 1 | _aGullberg, Jan. | |
| 245 | 1 | 0 |
_aMathematics : _bfrom the birth of numbers / |
| 250 | _a1st ed. | ||
| 260 |
_aNew York : _bW.W. Norton, _cc1997. |
||
| 300 |
_axxii, 1093 p. : _bill. ; _c27 cm. |
||
| 650 | 0 | _aMathematics. | |
| 942 | _cEK | ||
| 999 |
_c14016 _d14016 |
||